| 000 | 00633nam a2200229Ia 4500 | ||
|---|---|---|---|
| 003 | OSt | ||
| 005 | 20251103132013.0 | ||
| 008 | 210423s1987 xx 000 0 und d | ||
| 020 | _a81-85054-38-X | ||
| 040 | _cAL | ||
| 041 | _aEnglish | ||
| 082 |
_a343.0998 _bDHAO |
||
| 100 |
_aRajeev Dhavan _9100194 |
||
| 245 |
_aOnly the good news _b: on the law of the press in india |
||
| 260 |
_aNEW DELHI _bManohar Publications _c1987 |
||
| 300 |
_aXVII,514 _bHB |
||
| 365 |
_b300 _cINR |
||
| 650 |
_aLaw _9100195 |
||
| 650 |
_aMilitary Tax Trade Law _9100196 |
||
| 906 | _agood ; india ; law ; news: ; Only ; press | ||
| 942 |
_2ddc _cBK |
||
| 999 |
_c165503 _d165503 |
||